Manuel pratique pour l'éducation des jeunes filles comprenant la méthodologie et la didactique
Salvato in:
| Autore principale: | |
|---|---|
| Natura: | Sconosciuto |
| Lingua: | francese |
| Pubblicazione: |
Liége [Liège]
H. Dessain, éditeur/Ve. Magnin et fils
1870
|
| Edizione: | deuxième édition, augmentée de quelques considérations pratiques sur l'organisation et les exercices d'une école gardienne-modèle |
| Catalogo: | MANES: Risultati della ricerca del catalogo della biblioteca |
| Libro di testo Classificazione: |
|
| Soggetti: | |
| Tags: |
Aggiungi Tag
Nessun Tag, puoi essere il primo ad aggiungerne!!
|
| Aggiunto a: | 2016-04-26 |
MARC
| LEADER | 000000000a22000000004500 | ||
|---|---|---|---|
| 001 | 22158 | ||
| 008 | 160427s be ||||| |||| 00| 0 fre d | ||
| 040 | |a manes |c manes | ||
| 041 | |a Francés | ||
| 100 | 1 | |a NOUWEN [François Servais Philippe] |b Abbé | |
| 245 | 0 | 0 | |a Manuel pratique pour l'éducation des jeunes filles comprenant la méthodologie et la didactique |
| 250 | |a deuxième édition, augmentée de quelques considérations pratiques sur l'organisation et les exercices d'une école gardienne-modèle | ||
| 260 | 3 | |a Liége [Liège] |b H. Dessain, éditeur/Ve. Magnin et fils |c 1870 | |
| 300 | |a X+476 p. | ||
| 500 | |a CaA, 1868 |a Libro para la formación de maestros |a Ouvrage couronné au congrès des catholiques à Malines 3e session 1867/Dédié très humblement à Marie, vierge immaculée | ||
| 546 | |a Bélgica | ||
| 650 | 7 | |a Pedagogía | |
| 655 | 7 | |a Secundaria | |
| 942 | |2 ddc |c BK | ||
| 999 | |c 44486 |d 44486 | ||
| 999 | |c manes:44486 |d 44486 | ||